000 00610nam a2200193Ia 4500
005 20250508164827.0
008 008 250505s9999 xx 000 0 eng d
037 _aDissertations
040 _aFEDL
_beng
_cFEDL
041 _aeng
_2eng
084 _a155.413, JOS/JOS
_qFEDL
100 _aJoshi Aparna Vijay
_9779227
245 0 _a"To evlove a theoretical framework in science education based on situated cognition approach"
260 _c2004
300 _a134p.
546 _aM. Phil. Dissertation (Delhi University)
942 _cDIS
_h155.413, JOS/JOS
999 _c1391440
_d1391440